<?xml version="1.0" encoding="UTF-8"?>
<collection xmlns="http://www.loc.gov/MARC21/slim">
  <record>
    <leader>00000nam  2200000   4500</leader>
    <controlfield tag="001">INLIS000000000018283</controlfield>
    <controlfield tag="005">20240924081311</controlfield>
    <datafield tag="035" ind1="#" ind2="#">
      <subfield code="a">0010-0924000112</subfield>
    </datafield>
    <controlfield tag="007">ta</controlfield>
    <controlfield tag="008">240924###########################0######</controlfield>
    <datafield tag="245" ind1="#" ind2="#">
      <subfield code="a">RUPAWAN :</subfield>
      <subfield code="b">Rumah Cerdas Pemotongan Hewan /</subfield>
      <subfield code="c">Pither Sampe, S.Sos., M.AP</subfield>
    </datafield>
    <datafield tag="260" ind1="#" ind2="#">
      <subfield code="a">Makassar :</subfield>
      <subfield code="b">Puslatbang KMP LAN RI Makassar,</subfield>
      <subfield code="c">2023</subfield>
    </datafield>
    <datafield tag="300" ind1="#" ind2="#">
      <subfield code="a">15 ;</subfield>
      <subfield code="c">30</subfield>
    </datafield>
    <datafield tag="650" ind1="#" ind2="4">
      <subfield code="a">Memaksimalkan Retribusi RPH</subfield>
    </datafield>
    <datafield tag="700" ind1=" " ind2="#">
      <subfield code="a">Magrieth B.H Nauw, S.Pt (Mentor)</subfield>
    </datafield>
    <datafield tag="700" ind1=" " ind2="#">
      <subfield code="a">Dr. Johan T. Mada, M.Si (Coach)</subfield>
    </datafield>
    <datafield tag="520" ind1="#" ind2="#">
      <subfield code="a">Terobosan inovasi yang dilakukan adalah pemasangan CCTV di RPH, kegiatan sosialisai untuk meningkatkan pengetahuan dan sikap para pengguna RPH dan masyarakat konsumen, selain itu juga dilakukan pengajuan materi revisi Perda no. 21 tahun 2013. Inovasi RUPAWAN dilakukan oleh tim efektif serta didukung stakeholder yang menjadi sumber daya dalam melakukan seluruh rangkaian kegiatan dari milestone demi mencapai tujuan jangka pendek, menengah dan panjang dari aksi perubahan ini</subfield>
    </datafield>
    <datafield tag="856" ind1="#" ind2="#">
      <subfield code="a">Puslatbang KMP LAN RI Makassar</subfield>
    </datafield>
  </record>
</collection>
